It looks like you're offline.
Open Library logo
additional options menu

MARC record from Internet Archive

LEADER: 03887cam 2201093 i 4500
001 ocm06790477
003 OCoLC
005 20200110074320.0
008 800909s1980 enka b 001 0 eng
010 $a 80040750
040 $aDLC$beng$cDLC$dMUQ$dBAKER$dNLGGC$dNLM$dOCLCG$dNLE$dZWZ$dDEBBG$dYDXCP$dOCLCO$dOCLCF$dOCLCQ$dOCLCO$dOCLCQ$dOCLCO$dOCLCQ$dCSJ$dOCLCO$dOCLCA$dOCLCQ$dBGU$dOCLCO$dXFF$dOCLCO$dOCLCQ$dOCLCO$dOCLCA$dWURST$dOCLCA
015 $aGB81
016 7 $a8105178$2DNLM
019 $a494409800
020 $a0124933408
020 $a9780124933408
035 $a(OCoLC)6790477$z(OCoLC)494409800
050 00 $aHA31.3
060 00 $aBB4525
082 0 $a300/.724$219
082 00 $a300/.1/51953$219
084 $a31.73$2bcl
084 $a70.03$2bcl
084 $aMR 2100$2rvk
084 $aQH 253$2rvk
084 $aSK 840$2rvk
100 1 $aMezzich, Juan E.
245 10 $aTaxonomy and behavioral science :$bcomparative performance of grouping methods /$cJuan E. Mezzich and Herbert Solomon.
260 $aLondon ;$aNew York :$bAcademic Press,$c1980.
300 $axiv, 178 pages :$billustrations ;$c24 cm.
336 $atext$btxt$2rdacontent
337 $aunmediated$bn$2rdamedia
338 $avolume$bnc$2rdacarrier
490 1 $aQuantitative studies in social relations
504 $aIncludes bibliographical references (pages 170-175) and index.
650 0 $aCluster analysis.
650 0 $aSocial sciences$xStatistical methods.
650 0 $aPsychology$xStatistical methods.
650 2 $aBehavioral Sciences$xclassification.
650 2 $aSocial Sciences$xclassification.
650 2 $aStatistics as Topic.
650 6 $aClassification automatique (Statistique)
650 6 $aSciences sociales$xMe thodes statistiques.
650 6 $aPsychologie$xMe thodes statistiques.
650 7 $aCluster analysis.$2fast$0(OCoLC)fst00864976
650 7 $aPsychology$xStatistical methods.$2fast$0(OCoLC)fst01081529
650 7 $aSocial sciences$xStatistical methods.$2fast$0(OCoLC)fst01122983
650 7 $aCluster-Analyse$2gnd
650 7 $aDatenauswertung$2gnd
650 7 $aMethode$2gnd
650 7 $aSozialwissenschaften$2gnd
650 7 $aStatistik$2gnd
650 17 $aClusteranalyse.$2gtt
650 17 $aMultivariate analyse.$2gtt
650 17 $aStatistische methoden.$2gtt
650 7 $aSciences sociales$xMe thodes statistiques.$2ram
650 7 $aPsychologie$xMode les mathe matiques.$2ram
653 00 $abiologische naamgeving
653 00 $abiological nomenclature
653 00 $aclassificatie
653 00 $aclassification
653 00 $aclusteranalyse
653 00 $acluster analysis
653 00 $awiskunde
653 00 $amathematics
653 00 $awaarschijnlijkheidsanalyse
653 00 $aprobability analysis
653 00 $asociale wetenschappen
653 00 $asocial sciences
653 00 $astatistiek
653 00 $astatistics
653 00 $ataxonomie
653 00 $ataxonomy
653 00 $agedragswetenschappen
653 00 $abehavioural sciences
653 10 $aBiosystematics
653 10 $aBiosystematiek
700 1 $aSolomon, Herbert,$d1919-$eauthor.
776 08 $iOnline version:$aMezzich, Juan E.$tTaxonomy and behavioral science.$dLondon ; New York : Academic Press, 1980$w(OCoLC)654560223
830 0 $aQuantitative studies in social relations.
938 $aBaker & Taylor$bBKTY$c58.00$d58.00$i0124933408$n0000068755$sactive
938 $aYBP Library Services$bYANK$n3446320
029 1 $aAU@$b000001802936
029 1 $aAU@$b000023102180
029 1 $aAU@$b000053813516
029 1 $aDEBBG$bBV005224111
029 1 $aGBVCP$b021886490
029 1 $aNLGGC$b802271146
029 1 $aNLM$b8105178
029 1 $aNZ1$b12086514
029 1 $aNZ1$b2814581
029 1 $aZWZ$b123438152
994 $aZ0$bP4A
948 $hHELD BY P4A - 268 OTHER HOLDINGS